載入...

Annual report 2007-08

書目詳細資料
其他作者: Malhothra sk
格式: Report
出版: Mumbai Department of atomic energy,government of india 2007
LEADER 00464nam a22001457a 4500
003 OSt
082 |a DAE  |b AR 2007-08 
245 |a Annual report 2007-08 
260 |a Mumbai  |b Department of atomic energy,government of india  |c 2007 
300 |a 131 
546 |a English 
700 |a Malhothra sk 
942 |2 ddc  |c REP 
999 |c 155217  |d 155217 
952 |0 0  |1 0  |2 ddc  |4 0  |6 DAE_AR_200708  |7 1  |9 154280  |a KAUCLV  |b KAUCLV  |c REPORTS  |d 2017-04-18  |o DAE AR 2007-08  |p 808318  |r 2017-04-18  |w 2017-04-18  |y REP